| 000 | 00794nam a22002177a 4500 | ||
|---|---|---|---|
| 999 |
_c9081 _d9081 |
||
| 003 | AR-CdUCM | ||
| 008 | 190327b ||||| |||| 00| 0 spa d | ||
| 040 |
_aMUNICIPALIDAD PROVINCIAL DEL CUSCO _cBIBLIOTECA MUNICIPAL DEL CUSCO |
||
| 082 |
_a621.1 / _bSCH35 |
||
| 110 |
_aSchneider Electric _925069 |
||
| 245 | _aManual y catalogo del electricista / | ||
| 260 |
_aPerú _bMyce, _c2003. |
||
| 300 |
_a873 páginas ; _c28 cm. |
||
| 505 | _aContenido : Distribución de baja tensión -- Calidad de energía -- Comando y protección de potencia Variadores de velocidad y arrancadores electrónicos ... | ||
| 650 |
_aManual de electricidad _925070 |
||
| 650 |
_aFunciones _920052 |
||
| 650 |
_aEnergía _915841 |
||
| 700 |
_aRomero Massaccesi, José _925071 |
||
| 942 |
_2ddc _cLIBROS |
||
| 945 | _arah | ||